Quizzes
Events
Quiz Creation
Community
Videos
Private Events
Remove Ads
Sign In
Join for FREE
Feedback
Dark Mode
Quiz Categories
Sports
Geography
Music
Movies
Television
Just For Fun
Miscellaneous
History
Literature
Language
Science
Gaming
Entertainment
Religion
Holiday
For Kids
Quiz Lab
Recent
Popular Today
Quiz Kudos Today
Editor Picks
Curator Picks
Quizzes by...
Day
Popularity
Type
Ratings
Length
Year
Community
Subscriptions
Recent Discussions
Orange Saloon
Badges
Playlists
Quests
Create
Leaderboards
Showdown
Live 5
Trivia Bingo
Activity
Puzzle Library
Sporcle Events
Private Events
Virtual Trivia
Globe League
Become a Host
Pub Owners
SporcleCon
Opinionation
Our Games
Videos
Blog
Mobile Apps
Partnerships
Remove Ads and Go Orange
Feedback
Sports
Athletes
MLB
NBA
NHL
NFL
Soccer
Sports Teams
WWE
NCAA
Football
Premier League
Basketball
Baseball
Hockey
Golf
Tennis
Cricket
Rugby
Auto Racing
Olympics
World Cup
Sports
Athletes
MLB
NBA
NHL
NFL
Soccer
Sports Teams
WWE
NCAA
Football
Premier League
Basketball
Baseball
Hockey
Golf
Tennis
Cricket
Rugby
Auto Racing
Olympics
World Cup
Random Quiz
Search Sporcle
×
Quiz Lab
Quiz Lab
Sports
NBA
Type in answers that appear in a list
Type in answers that appear in a list
Classic
Best Score? Go Orange.
NBA Players by Jersey Number (2014-15) Stats
Can you name an NBA player for each jersey number for the 2014-15 season?
By
jrock826
10m
57 Questions
172 Plays
172 Plays
172 Plays
Comments
Comments
Give Quiz Kudos
Give Quiz Kudos
-
- Ratings
hide this ad
More Info
Forced Order
Answers have to be entered in order
Answers have to be entered in order
Replay
Link that replays current quiz
Next Quiz
Link to next quiz in quiz playlist
You Got
0%
They Got
Avg Score
38%
Avg Friend Score
Upgrade to see
Score Distribution
Jump to the score distribution portion of the page
Score
0/57
Timer
10:00
0
Plays Today
Number
Player
% Correct
0
Damian Lillard
93%
3
Ty Lawson
93%
1
Trevor Ariza
90.7%
2
Kyrie Irving
82.6%
23
LeBron James
78.5%
24
Kobe Bryant
71.5%
9
Nikola Vucevic
70.9%
7
Carmelo Anthony
64.5%
13
James Harden
62.8%
12
LaMarcus Aldridge
62.2%
8
Rudy Gay
61.6%
11
Monta Ellis
59.9%
21
Jimmy Butler
58.7%
35
Kenneth Faried
54.7%
10
DeMar DeRozan
54.1%
30
Stephen Curry
54.1%
41
Kelly Olynyk
52.9%
15
Kemba Walker
51.7%
4
Paul Millsap
50.6%
5
Victor Oladipo
49.4%
6
DeAndre Jordan
48.3%
16
Pau Gasol
43%
34
Mike Dunleavy
43%
20
Gordon Hayward
42.4%
22
Chris Copeland
42.4%
00
O.J. Mayo
40.1%
32
Blake Griffin
39.5%
25
Al Jefferson
34.9%
33
Marc Gasol
34.9%
Number
Player
% Correct
50
Zach Randolph
33.7%
17
P.J. Tucker
33.1%
88
Nicolas Batum
30.8%
14
Danny Green
29.7%
26
Kyle Korver
27.3%
47
Andrei Kirilenko
27.3%
31
Hollis Thompson
26.7%
55
Roy Hibbert
25%
40
Harrison Barnes
22.1%
77
Andrea Bargnani
22.1%
99
Jae Crowder
21.4%
44
Solomon Hill
19.8%
27
Jordan Hill
19.2%
43
Shawne Williams
19.2%
45
Cole Aldrich
18.6%
42
Nene
17.4%
90
Drew Gooden
16.9%
36
Marcus Smart
14%
18
Omri Casspi
13.4%
19
Jerryd Bayless
12.8%
54
Patrick Patterson
12.8%
48
Nazr Mohammed
11%
28
Ian Mahinmi
9.3%
39
Jerami Grant
8.1%
38
Vitor Faverani
7%
89
Louis Amundson
6.4%
53
Alex Kirk
5.2%
91
Lucas Nogueira
4.1%
Quiz Playlist
Details
Report
Send in Message
Add To Playlist
More Info:
The player that appears for each number has the most minutes per game for that number.
Classic:
Type in answers that appear in a list
Forced Order:
Answers have to be entered in order
Quiz Source
Last Updated: Feb 16, 2017
Quiz Scoreboard
CHALLENGE
Sign Up to Join the Scoreboard
Show All
Scores
Hide
Comments
May contain spoilers
Recently Published
9x9 Crossword: Cartoon Network
by jackfrog10
Miscellaneous
3m
College Basketball Coaching Resumes
by pancakes188
Sports
9m
Billboard Blitz: Fleetwood Mac
by CooCooCachoo
Music
15s
More to Explore
Quiz From the Vault
Featured Blog Post
Where Did the Easter Bunny Come From?
hide this ad
You Might Also Like...
Tags
NBA Quiz
Jersey Numbers
Today's Top Quizzes in Sports
Browse Sports
hide this ad
Today's Top Quizzes in NBA
Browse NBA
Top Contributed Quizzes in Sports
1
2022 World Cup Stars
2
Les meilleurs buteurs des matchs entre le PSG et l’OM
3
FIFA Club World Cup Champions
4
Les entraîneurs de l'OM et du PSG au 21e siècle
5
Criteria MLB: Left Handed Sluggers
6
AFC Teams Reveal (Wrong Answers Minefield)
7
2023 MLB Unique Player Accomplishments
8
5-to-1: FBS Animal Nicknames
9
Players with Multiple 50 Home Run Seasons
10
5-to-1: UK Sports Teams
Explore More
Trending Topics
NBA
Kpop
Harry Potter
Crossword
Disney
Marvel
Anime
WWE
The Office
Pokémon
NFL
Puzzle
Country
Song
Soccer
hide this ad
More By:
jrock826
Quiz
Plays
Rating
Category
Featured
Created
World Heavyweight Champions (Clickable)
36,202
2.38
Sports
Mar 29, 2012
Randy Orton WWE PPV/Network Event Opponents
10,780
3.21
Sports
Feb 16, 2011
NBA Eastern Conference PPG Team Leaders 2000-2019
10,368
4.80
Sports
Jan 29, 2015
Top 100 MLB Players of 2018
9,783
4.33
Sports
Feb 15, 2018
NFL Random Trivia (2005-15)
8,075
3.30
Sports
Nov 14, 2014
Go to Creator's Profile
Score Distribution
Quiz Creator Spotlight
jrock826
Follow
Send a Message
Quizzes Created
-
Created Quiz Play Count
-
More By This Creator
Popular Quizzes Today
1
Find the US States - No Outlines Minefield
2
Find the Countries of Europe - No Outlines Minefield
3
The Countries of the World
4
Find the US States
5
Risky Map Clicking: Biggest States A-Z
6
US States
7
Popular People in 1961
8
Movies - When Are They Set?
More Sports Quizzes
Sri Lanka XIs in World Cup Semi Finals
Quiz Lab
Trending Quizzes
Risky Map Clicking: Least Populous States A-Z
1-10 Letter G Words
1-10 Letter F Words
Risky Map Clicking: Next State Alphabetically
Adjectives in 80s TV Shows
Recently Updated
Leaping Animals
pecheneg
Reality TV Shows (A-Z)
bhenderson79
Rickey Henderson's Hall of Fame Teammates
pecheneg
Champions League XIs: Arsenal
pecheneg
Quick Pick: Celebrities in WWE's Hall of Fame
aduchscher
A-Z Keypad Blitz II
pecheneg
Multiple Oscar Actors
pecheneg
Mystery Phrase Blitz: Oscar 'Best Actors'
pecheneg
F. Scott Fitzgerald Novels
LTH
Pick 3 Villains
ddd62291
Trending Topics
Kpop
NBA
Marvel
Disney
Anime
Harry Potter
Crossword
Country
Soccer
NFL
WWE
The Office
Song
Puzzle
Pokémon
Your Account Isn't Verified!
In order to create a playlist on Sporcle, you need to verify the email address you used during registration. Go to your
Sporcle Settings
to finish the process.
Report this User
Report this user for behavior that violates our
Community Guidelines
.
Details:
Send Report
Go to the Sporcle.com Mobile Site →
Comments